People Born in Duluth, Minnesota - Statistics

General Stats
  • This quiz has been taken 18 times
  • The average score is 2 of 8
Answer Stats
Description Answer % Correct
World renowned folk singer and 1960s icon who won 10 Grammy Awards Bob Dylan
100%
Drummer of R.E.M. Bill Berry
33%
Inventor of the pizza roll Jeno Paulucci
27%
Last civil war veteran to die at 106 years; has a statue in front of the St. Louis County Heritage and Arts Center, and has another statue in Gettysburg, Pennsylvania Albert Woolson
20%
Won the Best Club Comic award in 2014 Maria Bamford
20%
Lead guitarist of Soul Asylum Dan Murphy
13%
Actress and first wife of baseball player Joe DiMaggio Dorothy Arnold
13%
40 time broadcaster for the Masters Tournament and made a cameo in Happy Gilmore Verne Lundquist
13%
No matching quizzes found
Score Distribution
Percent of People with Each Score
Percentile by Number Answered
Your Score History
You have not taken this quiz